[Event "Osijek op 12th"]
[Site "Osijek"]
[Date "2019.02.24"]
[Round "7.22"]
[White "Sokcevic, Dario"]
[Black "Lovakovic, Franjo"]
[Result "0-1"]
[WhiteElo "1528"]
[BlackElo "1859"]
[PlyCount "48"]
[EventDate "2019.02.21"]
[EventType "swiss"]
[EventRounds "7"]
[EventCountry "CRO"]
[SourceTitle "EXT 2023"]
[Source "ChessBase"]
[SourceDate "2022.10.05"]
[SourceVersion "1"]
[SourceVersionDate "2022.10.05"]
[SourceQuality "1"]

1. e4 e5 2. Nf3 Nc6 3. Bb5 Nf6 4. 0-0 a6 5. Ba4 h6 6. c3 b5 7. Bb3 Bb7 8. Re1 Bc5 9. d4 exd4 10. cxd4 Bb4 11. Nc3 0-0 12. a3 Ba5 13. Bc2 d6 14. b4 Bb6 15. Qd3 Re8 16. Nd5 Nxd5 17. exd5 Rxe1+ 18. Nxe1 Nxd4 19. Qh7+ Kf8 20. Bb2 Bxd5 21. Bd3 Qg5 22. Bc1 Qf6 23. Rb1 Ne2+ 24. Kh1 Qxf2 0-1

[Event "Osijek op 12th"]
[Site "Osijek"]
[Date "2019.02.22"]
[Round "3.23"]
[White "Cupic, Tvrtko1111"]
[Black "Lovakovic, Franjo"]
[Result "1-0"]
[WhiteElo "1714"]
[BlackElo "1859"]
[PlyCount "59"]
[EventDate "2019.02.21"]
[EventType "swiss"]
[EventRounds "7"]
[EventCountry "CRO"]
[SourceTitle "EXT 2023"]
[Source "ChessBase"]
[SourceDate "2022.10.05"]
[SourceVersion "1"]
[SourceVersionDate "2022.10.05"]
[SourceQuality "1"]

1. e4 c5 2. Nf3 d6 3. d4 cxd4 4. Nxd4 Nf6 5. Nc3 a6 6. f3 e5 7. Nb3 Be6 8. Be3 Be7 9. Qd2 0-0 10. 0-0-0 Bxb3 11. cxb3 b5 12. g4 Qa5 13. Kb1 Nbd7 14. Nd5 Nxd5 15. Qxa5 Nxe3 16. Rc1 Nxf1 17. Rhxf1 Nc5 18. Rfd1 Bg5 19. Rc2 Bd8 20. Qd2 Be7 21. g5 Ne6 22. h4 Nd4 23. Rc7 Bd8 24. Rd7 a5 25. Rxd6 a4 26. bxa4 Rxa4 27. f4 Bc7 28. Rd7 Ne6 29. f5 Ba5 30. Qd5 1-0

[Event "CP-2018-Q-00003"]
[Site "LSS email"]
[Date "2018.11.28"]
[Round "?"]
[White "Lovakovic, Franjo"]
[Black "Koronowski, Heinz Juergen"]
[Result "1/2-1/2"]
[WhiteElo "2411"]
[BlackElo "2000"]
[PlyCount "67"]
[EventDate "2018.12.01"]
[EventType "tourn (corr)"]
[EventRounds "6"]
[EventCountry "GER"]
[SourceTitle "Corr 2022"]
[Source "ChessBase"]
[SourceDate "2021.10.24"]
[SourceVersion "1"]
[SourceVersionDate "2021.10.24"]
[SourceQuality "1"]

1. e4 e5 2. Nf3 Nf6 3. Nxe5 d6 4. Nf3 Nxe4 5. d4 d5 6. Bd3 Nc6 7. Nbd2 Nxd2 8. Bxd2 Bd6 9. 0-0 0-0 10. c3 Bg4 11. h3 Bh5 12. Re1 h6 13. Bb1 a6 14. Qe2 Re8 15. Qxe8+ Qxe8 16. Rxe8+ Rxe8 17. g4 Bg6 18. g5 Bh5 19. Kg2 Re2 20. Bc1 hxg5 21. Bd3 Bxf3+ 22. Kxf3 Re1 23. Rb1 f6 24. Bd2 Rxb1 25. Bxb1 Ne7 26. Bd3 Kf7 27. c4 c6 28. c5 Bc7 29. Kg4 g6 30. b4 Ke6 31. f4 Bxf4 32. Bxf4 gxf4 33. Kxf4 Kf7 34. h4 1/2-1/2

[Event "CP-2018-P-00037"]
[Site "LSS email"]
[Date "2018.09.27"]
[Round "?"]
[White "Louro, Eugenio Diogo"]
[Black "Lovakovic, Franjo"]
[Result "0-1"]
[WhiteElo "1631"]
[BlackElo "2415"]
[PlyCount "88"]
[EventDate "2018.10.01"]
[EventType "tourn (corr)"]
[EventRounds "6"]
[EventCountry "GER"]
[SourceTitle "Corr 2022"]
[Source "ChessBase"]
[SourceDate "2021.10.24"]
[SourceVersion "1"]
[SourceVersionDate "2021.10.24"]
[SourceQuality "1"]

1. e4 e5 2. Nf3 Nc6 3. Bb5 a6 4. Ba4 Nf6 5. 0-0 Be7 6. Re1 b5 7. Bb3 0-0 8. c3 d5 9. exd5 Nxd5 10. Nxe5 Nxe5 11. Rxe5 c6 12. Re1 Bd6 13. d4 Qh4 14. g3 Qh3 15. Bxd5 cxd5 16. Qf3 Bf5 17. Qxd5 Rae8 18. Bd2 Bd3 19. Na3 Bxa3 20. bxa3 Bc4 21. Qf3 Re6 22. a4 bxa4 23. a3 h6 24. Rab1 Rfe8 25. Re3 Rxe3 26. fxe3 Bd3 27. Rb4 Be4 28. Qe2 Qf5 29. c4 Bd3 30. Qf2 Qh5 31. c5 Bb5 32. Rb1 Bc6 33. h4 Qg6 34. Rf1 f6 35. Kh2 Qe4 36. Rg1 Rb8 37. Bc1 f5 38. Qe2 Rb3 39. Qa2 Kh7 40. Qf2 Rc3 41. Rf1 Kg8 42. Qa2+ Bd5 43. Qf2 Rc2 44. Bd2 Ra2 0-1

[Event "WC-2018-Q-00015"]
[Site "LSS email"]
[Date "2018.09.16"]
[Round "?"]
[White "Frijling, Jeroen"]
[Black "Lovakovic, Franjo"]
[Result "1/2-1/2"]
[WhiteElo "2291"]
[BlackElo "2406"]
[PlyCount "127"]
[EventDate "2018.09.22"]
[EventType "tourn (corr)"]
[EventRounds "12"]
[EventCountry "GER"]
[SourceTitle "Corr 2022"]
[Source "ChessBase"]
[SourceDate "2021.10.24"]
[SourceVersion "1"]
[SourceVersionDate "2021.10.24"]
[SourceQuality "1"]

1. d4 Nf6 2. c4 e6 3. g3 d5 4. Bg2 dxc4 5. Nf3 Be7 6. 0-0 0-0 7. Qc2 a6 8. a4 Bd7 9. Qxc4 Bc6 10. Bg5 Bd5 11. Qd3 h6 12. Bxf6 Bxf6 13. e4 Bc6 14. Rd1 a5 15. Nc3 Na6 16. Qc4 Nb4 17. Ne1 Rb8 18. h4 Re8 19. b3 Be7 20. Rac1 Bd7 21. e5 c6 22. Ne4 Qb6 23. Nc5 Bc8 24. Nc2 Nd5 25. Ne3 Qa7 26. Qe2 Rd8 27. Rd2 b6 28. Ne4 Bd7 29. Nc4 Bb4 30. Rdd1 Be8 31. Qg4 Qe7 32. Ne3 Ba3 33. Rc2 Kh8 34. Qf3 Kg8 35. Bf1 Qf8 36. Nc4 Bb4 37. Bh3 Qe7 38. Ncd6 Bd7 39. Nc4 f6 40. exf6 gxf6 41. Ne3 f5 42. Nd2 Qf6 43. Ndc4 Be8 44. Ne5 Nxe3 45. Qxe3 c5 46. d5 Rd6 47. Nc4 Rxd5 48. Rxd5 exd5 49. Qf4 Rd8 50. Ne5 h5 51. Re2 c4 52. bxc4 Bxa4 53. Bxf5 Bd6 54. g4 Re8 55. c5 Rxe5 56. Rxe5 Bxe5 57. Qxa4 hxg4 58. Qxg4+ Kf8 59. cxb6 Qxb6 60. Be6 Qb1+ 61. Kg2 Qe4+ 62. Qxe4 dxe4 63. Bd5 e3 64. fxe3 1/2-1/2